000
00276nam a22001337a 4500
008
170830b xxu||||| |||| 00| 0 eng d
020
_a
9781580624930
041
_a
eng
080
_a
070
100
_a
39
101
_a
MED
245
_a
EVRYTHING
_c
ADAMS.B
942
_2
udc
_c
BK
999
_c
25538
_d
25538